000 00373nam a2200145Ia 4500
005 20251222144642.0
008 251222s9999||||xx |||||||||||||| ||spa||
020 _a84-375-0285-3
082 _a371.3/P45
100 _aPérez Gómez, Angel
245 0 _aLecturas de Aprendizaje y Enseñanza
250 _a2a. ed.
264 _bFondo de Cultura Económica
942 _cLIB
999 _c16726
_d16726